| 000 | 00661nam a22002057a 4500 | ||
|---|---|---|---|
| 005 | 20100806154617.0 | ||
| 010 | _aENG-98947 | ||
| 020 |
_c180.00 _a9788190733830 |
||
| 035 | _aEN-82479 | ||
| 037 | _bDBAD/PUB | ||
| 082 | _a530 | ||
| 100 |
_aAnandan, S. _98673 |
||
| 245 |
_aApplied physics / _cby S. Anandan |
||
| 260 |
_aChennai _bSams Publishers _c2008 |
||
| 270 |
_aFlat No. 10, Annapoorna Flats No. 3/4, 17th Street, _bChennai _e600061 |
||
| 300 |
_averious pegings _c22 cm. (Pbk) |
||
| 700 | _97380 | ||
| 942 |
_2ddc _cEN _h530 _mANA |
||
| 999 |
_c40113 _d40113 |
||